000 00670nam a22002057a 4500
003 OSt
005 20240626121725.0
008 240626b |||||||| |||| 00| 0 eng d
020 _a9780978689933
040 _cMUST
082 _a338.7 SEG 2000
100 _aS eglin, Jeffrey
_918056
245 _aThe good, the bad, and your business
_bChoosing Right when ethical Dilemmas Pull You Apart
260 _aBoston
_b: Smith/Kerr Associates LLC
_c, C 2000
300 _axv, 224p.
_b: ill
_c; 23cm
504 _aincludes Bibliography includes index
650 _aBusiness ethics
_95048
650 _aDecision making - Moral and ethical aspects
_918057
942 _2ddc
_cO_SHELF
999 _c8921
_d8921